| 000 | 00371nam a22001457a 4500 | ||
|---|---|---|---|
| 999 |
_c4299 _d4299 |
||
| 008 | 200730b ||||| |||| 00| 0 eng d | ||
| 082 | 0 | 0 |
_a621.3007 _bH6779 |
| 110 |
_aH. M.S.O _9233 |
||
| 245 | 1 | 0 |
_aElectricity Act 1947 _cby HMSO |
| 260 |
_aLondon _bHMSO _c1947 |
||
| 300 | _a50 p. | ||
| 365 | _d2.10 | ||
| 650 | 0 | _aElectrical Engineering--Law and Legislation | |
| 942 | _cBK | ||